Word Ladder: Make a New Plan Stan Quiz Stats

 Plays Quiz Updated Jan 25, 2014

Support Sporcle.
Go Orange.
Score 0/46 Timer 05:00
0 Plays Today
Hint 5-Letter Word % Correct
Fuzzy fruitPEACH
93.4%
Your face and butt both have two of thisCHEEK
93.1%
Cook an egg in boiling water (without the shell)POACH
92.8%
Cinderella's was a pumpkinCOACH
92.7%
Cursor moverMOUSE
92.6%
Sofa or divan relativeCOUCH
92.1%
Not tallSHORT
91.6%
Rent for a specified timeLEASE
91.4%
Bullwinkle, e.g.MOOSE
90.8%
Dog walking needLEASH
90.5%
Fire a gunSHOOT
90.5%
Hangman's knotNOOSE
90.3%
One serving of ice creamSCOOP
88.3%
Bring out of sleepROUSE
87.8%
A baby roosterCHICK
87.5%
Cost on the stickerPRICE
87.3%
Coloring cosmeticROUGE
86.7%
Common chest coveringSHIRT
86.4%
Sudden, noisy exhalationCOUGH
86.2%
Collection of soundsNOISE
85.7%
Longer grass around the fairwayROUGH
85.5%
Common word in chess matchesCHECK
84.6%
Travel in your chair without standingSCOOT
84.2%
Hint 5-Letter Word % Correct
Dissolve with a percolating liquidLEACH
82.9%
Where beards growCHINS
81.5%
Young nest-dwellers' callCHEEP
81.2%
Tough to climbSTEEP
81%
GlowSHINE
80.7%
Bacterial throat ailment, for shortSTREP
80.5%
ComposurePOISE
80.2%
Home to the HobbitsSHIRE
79.6%
Sleeping Beauty's injuryPRICK
78%
Bend overSTOOP
77.5%
To open with a crowbar, in the UKPRISE
75.9%
Androids might dream of electric onesSHEEP
75.6%
Watson's DNA partnerCRICK
74.7%
Razor polishing strapSTROP
71.9%
Band that sings 'Phantom Limb'SHINS
70.6%
Word in a Paul Simon song title; departLEAVE
70%
What a numismatist collectsCOINS
65.6%
Lid for a potCOVER
64.4%
Word in a Paul Simon song title; Taylor Swift albumLOVER
64.2%
Actor Feldman or HaimCOREY
62.1%
Dumb, like a jokeCORNY
60.8%
CallusesCORNS
60.1%
'Seven Habits...' author StephenCOVEY
52.6%

Today's Daily Dose

Word Ladder
Math Aid

Get the Picture
Warrior Women

You're not logged in!

Compare scores with friends on all Sporcle quizzes.
OR
Log In
Forgot?

From the Vault

'E' in Geography

by RobPro

Rated 'E' for everyone.
Remove Ads.
Support Sporcle.
Get the best of Sporcle when you Go Orange. This ad-free experience offers more features, more stats, and more fun while also helping to support Sporcle. Thank you for becoming a member.

Show Comments

Extras

Top Quizzes Today


Score Distribution

Your Account Isn't Verified!

In order to create a playlist on Sporcle, you need to verify the email address you used during registration. Go to your Sporcle Settings to finish the process.

Report this User

Report this user for behavior that violates our Community Guidelines.

Details: